| 000 | 00895cab a2200289 4500 | ||
|---|---|---|---|
| 001 | ABS58147 | ||
| 008 | 090401t1998 xxu||||| |||| 00| 0 eng d | ||
| 035 | _a(Sirsi) u83508 | ||
| 041 | _aeng | ||
| 245 | _aFocus: Bedfordshire and Buckinghamshire | ||
| 260 | _c1998 | ||
| 350 | _a0 | ||
| 490 |
_aEstates Gazette _v(9805) 31 January 1998, 97-137(11) |
||
| 520 | _aA survey of the industrial, retail, leisure and office property markets in Bedfordshire and Buckinghamshire including an overview of Luton Airport`s redevelopment scheme. | ||
| 650 | _aAYLESBURY | ||
| 650 | _aBEDFORD | ||
| 650 | _aBEDFORDSHIRE | ||
| 650 | _aBUCKINGHAMSHIRE | ||
| 650 | _aDUNSTABLE | ||
| 650 | _aHIGH WYCOMBE | ||
| 650 | _aLUTON AIRPORT | ||
| 650 | _aLUTON | ||
| 650 | _aMILTON KEYNES | ||
| 690 | _aPROPERTY-COMMERCIAL PROPERTY-COMMERCIAL PROPERTY MARKET | ||
| 942 | _n0 | ||
| 948 | _c03/02/1998 | ||
| 999 |
_c52742 _d52742 |
||